|
|
|
|
| LEADER |
01127nam a2200229 i 4500 |
| 003 |
GR-PaULI |
| 005 |
20220802120754.0 |
| 008 |
220802s2009 gr ||||g |||| 00| d gre d |
| 952 |
|
|
|0 0
|1 0
|2 ddc
|4 0
|6 889_260000000000000_ΠΑΤ
|7 0
|9 363145
|a THST
|b THST
|d 2022-08-02
|i 011084
|l 0
|o 889.26 ΠΑΤ
|p 025000288732
|r 2022-08-02 00:00:00
|t 1
|w 2022-08-02
|y BK15
|z Δωρεά Θόδωρου Πατρικαρέα
|
| 999 |
|
|
|c 212171
|d 212171
|
| 040 |
|
|
|a GR-PaULI
|b gre
|c GR-PaULI
|e AACR2
|
| 082 |
0 |
4 |
|2 23
|a 889.26
|
| 100 |
1 |
|
|9 159888
|a Πατρικαρέας, Θόδωρος,
|d 1930 -
|e συγγραφέας
|
| 245 |
1 |
3 |
|a Οι διχασμένοι :
|b (δράμα σε τρείς πράξεις και έξη εικόνες) /
|c Θόδωρος Πατρικαρέας.
|
| 250 |
|
|
|a 2η έκδοση
|
| 260 |
|
|
|a Αθήνα :
|b Whatever Productions,
|c 2009.
|
| 300 |
|
|
|a 75 σ. ;
|c 21 εκ.
|
| 500 |
|
|
|a Β' Κρατικό βραβείο Θεάτρου 1989.
|
| 650 |
|
4 |
|9 158
|a Ελληνικά θεατρικά έργα
|y 20ός αιώνας
|
| 650 |
|
4 |
|9 191666
|a Μετανάστευση στο θέατρο.
|
| 942 |
|
|
|2 ddc
|c BK15
|
| 998 |
|
|
|c ΜΑΝΙΑ
|d 2022-08
|